UCHATAR BOL BIGYAN (Record no. 3658)
[ view plain ]
| 000 -LEADER | |
|---|---|
| fixed length control field | 00423cam a2200181ua 4500 |
| 008 - FIXED-LENGTH DATA ELEMENTS--GENERAL INFORMATION | |
| fixed length control field | 160708n II |||gr||||Z||||||asm |
| 040 ## - CATALOGING SOURCE | |
| Original cataloging agency | MAIN |
| 041 ## - LANGUAGE CODE | |
| -- | English |
| 082 ## - DEWEY DECIMAL CLASSIFICATION NUMBER | |
| Classification number | 531.3 CHA |
| 100 ## - MAIN ENTRY--PERSONAL NAME | |
| Personal name | CHOUDHORY, KAMLASH. |
| 245 ## - TITLE STATEMENT | |
| Title | UCHATAR BOL BIGYAN |
| 260 ## - PUBLICATION, DISTRIBUTION, ETC. | |
| Place of publication, distribution, etc. | KOLKATA |
| Name of publisher, distributor, etc. | ORIENT BOOK CO. |
| 300 ## - PHYSICAL DESCRIPTION | |
| Extent | 225.: |
| Dimensions | 20CM. |
| 700 ## - ADDED ENTRY--PERSONAL NAME | |
| Personal name | CHOUDHORY, KAMLASH., |
| Relator term | Author. |
| 942 ## - ADDED ENTRY ELEMENTS (KOHA) | |
| Koha item type | Books |
| 653 ## - INDEX TERM--UNCONTROLLED | |
| Uncontrolled term | Dynamics |
| Withdrawn status | Lost status | Damaged status | Not for loan | Collection code | Home library | Current library | Shelving location | Date acquired | Full call number | Barcode | Date last seen | Copy number | Price effective from | Koha item type |
|---|---|---|---|---|---|---|---|---|---|---|---|---|---|---|
| REFPHY | Central Library and Information Centre Sibsagar Girls College | Central Library and Information Centre Sibsagar Girls College | Physics Rack | 07.03.1985 | 531.3 CHA | 11898 | 27.02.2020 | 1 | 27.02.2020 | Books | ||||
| REFPHY | Central Library and Information Centre Sibsagar Girls College | Central Library and Information Centre Sibsagar Girls College | Physics Rack | 07.03.1985 | 531.3 CHA | 11899 | 27.02.2020 | 2 | 27.02.2020 | Books | ||||
| REFPHY | Central Library and Information Centre Sibsagar Girls College | Central Library and Information Centre Sibsagar Girls College | Physics Rack | 07.03.1985 | 531.3 CHA | 11900 | 27.02.2020 | 3 | 27.02.2020 | Books |